At the park / (Record no. 3584)

MARC details
000 -LEADER
fixed length control field 00835cam a22002654a 4500
005 - DATE AND TIME OF LATEST TRANSACTION
control field 20240321133642.0
020 ## - INTERNATIONAL STANDARD BOOK NUMBER
International Standard Book Number 9780736828666
040 ## - CATALOGING SOURCE
Original cataloging agency DLC
Transcribing agency DLC
Modifying agency DLC
Language of cataloging eng
050 00 - LIBRARY OF CONGRESS CALL NUMBER
Classification number SB481.3
082 00 - DEWEY DECIMAL CLASSIFICATION NUMBER
Classification number 333.78
100 1# - MAIN ENTRY--PERSONAL NAME
Personal name Cipriano, Jeri S
245 10 - TITLE STATEMENT
Title At the park /
Statement of responsibility, etc. by Jeri Cipriano
260 ## - PUBLICATION, DISTRIBUTION, ETC.
Place of publication, distribution, etc. Mankato,
Name of publisher, distributor, etc. Yellow Umbrella Books,
Date of publication, distribution, etc. 2004
300 ## - PHYSICAL DESCRIPTION
Extent 16 pages :
Other physical details color illustrations ;
Dimensions 21 cm.
490 ## - SERIES STATEMENT
Series statement Yellow Umbrella Books
Volume/sequential designation Level A
505 ## - FORMATTED CONTENTS NOTE
Formatted contents note E <br/>
520 ## - SUMMARY, ETC.
Summary, etc. Simple text and photographs present the many different things people can do in parks.
521 ## - TARGET AUDIENCE NOTE
Target audience note 200 <br/>
Source Lexile estimate <br/>
650 #0 - SUBJECT ADDED ENTRY--TOPICAL TERM
Topical term or geographic name entry element Parks
Form subdivision Juvenile literature.
650 #0 - SUBJECT ADDED ENTRY--TOPICAL TERM
Topical term or geographic name entry element Parks
General subdivision Recreational use
Form subdivision Juvenile literature.
650 #1 - SUBJECT ADDED ENTRY--TOPICAL TERM
Topical term or geographic name entry element Parks.
906 ## - LOCAL DATA ELEMENT F, LDF (RLIN)
a 7
b cbc
c orignew
d 1
e ecip
f 20
g y-gencatlg
942 ## - ADDED ENTRY ELEMENTS (KOHA)
Source of classification or shelving scheme Dewey Decimal Classification
Koha item type Books
Suppress in OPAC No
999 ## -
-- 3584
-- 3584
Holdings
Withdrawn status Lost status Source of classification or shelving scheme Damaged status Not for loan Collection Home library Current library Shelving location Date acquired Total Checkouts Full call number Barcode Date last seen Price effective from Koha item type
    Dewey Decimal Classification     Non-Fiction Footprints International School Library Network Toul Kork Campus Footprints International School Library Network Toul Kork Campus   03/21/2024   CIP 333.78 SB481.3 FIS03130 03/21/2024 03/21/2024 Books